| 000 | 00936nam a2200205 i 4500 | ||
|---|---|---|---|
| 001 | 162407 | ||
| 003 | ES-MaACL | ||
| 005 | 20240108205824.0 | ||
| 008 | 041115s1865 sp |||| | spa d | ||
| 040 |
_aCAM _bspa _cCAM |
||
| 100 | 1 |
_aPongilioni, Arístides. _9131262 |
|
| 245 | 1 | 0 |
_aRáfagas poéticas / _cpor Aristides Pongilioni ; con un prólogo de Narciso Campillo. |
| 260 |
_aCádiz : _bLibrería de la Revista Médica, _c1865 ( _fImprenta de la Revista Médica, á cargo de Federico Joly y Velasco) |
||
| 300 |
_a173, [2] p. ; _c19 cm. |
||
| 530 | _aDisponible en formato digital. | ||
| 700 | 1 |
_aCampillo y Correa, Narciso, _d1835-1900 _934174 |
|
| 852 |
_aES-MaACL _jG-10517 _z-- Enc. en tela con hierros secos y hierros dorados _z-- An. ms.: ded. de Narciso Campillo al Ateneo de Madrid |
||
| 856 |
_uhttp://bdh-rd.bne.es/viewer.vm?id=0000237445&page=1 _zBiblioteca Digital Hispánica |
||
| 999 |
_c162407 _d162407 |
||